000 01001nas a2200313 4500
001 BR9210629
003 BR-BrBNA
005 20231205093412.0
007 ta
008 230509b bl.|||p| |||| 00| 00por d
040 _aBR-BrBNA
_bpor
_cBiblioteca Nacional de Agricultura
041 _a(Pt)
072 _aL51
100 1 _aZeoula, L.M.
100 1 _aSilva, J.F.C. da
100 1 _aLeao, M.I.
100 1 _aValadares Filho, S. de C.
100 1 _aOliveira, L.M. de
100 1 _aResende, K.T.
245 1 _aUtilizacao de cinza insoluvel em acido, oxido cromico e celulose em estudos de digestao
246 1 _aUtilization of acid insoluble ash, chromic oxide and cellulose in digestion study
650 _aBOVINO
650 _aCINZA
650 _aCELULOSE
650 _aDIGESTAO
773 0 _tRevista da Sociedade Brasileira de Zootecnia (Brazil)
_xISSN 0100-4859
_g(Jan-Feb 1992), v. 21(1) p. 73-82
_wBR9210629
909 _a202311
_bLúcia
_c55
_dLúcia Elande
942 _2AGRIS
_n0
_cANA
999 _c138095
_d138095